Plan indicativo mundial provisional para el desarrollo agrícola. Síntesis y análisis de los factores pertinentes al desarrollo agrícola mundial, regional y nacional
Guardat en:
| Autor corporatiu: | , |
|---|---|
| Format: | Llibre |
| Idioma: | espanyol |
| Publicat: |
Roma
FAO
1970
|
| Matèries: | |
| Etiquetes: |
Afegir etiqueta
Sense etiquetes, Sigues el primer a etiquetar aquest registre!
|
MARC
| LEADER | 00000nam a2200000 a 4500 | ||
|---|---|---|---|
| 001 | UCR5394 | ||
| 003 | CL-VaPUC | ||
| 008 | 980327e19700000IT |||||||||||||||||spa|d | ||
| 082 | 0 | 4 | |a 338.91 |b FAO |2 21 |
| 110 | 2 | |a FAO |e author |9 406289 | |
| 710 | 2 | |a Organización de las Naciones Unidas para la Agricultura y la Alimentación |e author |9 406290 | |
| 245 | 1 | 0 | |a Plan indicativo mundial provisional para el desarrollo agrícola. Síntesis y análisis de los factores pertinentes al desarrollo agrícola mundial, regional y nacional |
| 300 | |a 2 v | ||
| 942 | |c BK | ||
| 945 | |d 19980327 00:00:00 |a crobeson | ||
| 260 | |a Roma |b FAO |c 1970 | ||
| 600 | 0 | 7 | |a FAO |2 CL-VaPUC |9 406289 |
| 650 | 0 | |a Agricultura |9 255598 | |
| 650 | 7 | |a DESARROLLO Y CRECIMIENTO ECONOMICOS |2 CL-VaPUC |9 406291 | |
| 650 | 7 | |a POLITICAS DE DESARROLLO |2 CL-VaPUC |9 345187 | |
| 583 | |a last modification |c 19980327 00:00:00 |k Rodrigo Vera | ||
| 999 | |c 268000 |d 267998 | ||
| 952 | |0 0 |1 0 |4 0 |6 338_910000000000000_FAO_1970 |7 0 |8 A |9 300852 |a BIBALI |b BIBALI |d 2019-11-20 |h v.1 |i 1969609 |o 338.91 FAO 1970 |p 1969609 |r 2025-01-20 |w 2019-11-20 |y BK |k ALI | ||
| 952 | |0 0 |1 0 |4 0 |6 338_910000000000000_FAO_1970 |7 0 |8 A |9 300853 |a BIBALI |b BIBALI |d 2019-11-20 |h v.2 |i 1969617 |o 338.91 FAO 1970 |p 1969617 |r 2025-01-20 |w 2019-11-20 |y BK |k ALI | ||